Transmutacin̤ competitiva Cm̤o determinar y mejorar su competitividad /

Bibliographic Details
Main Author: Villamizar Alvargonzl̀ez, Rodrigo
Format: eBook
Language:Spanish
Published: Bogot ̀: Ediciones de la U, 2011
Subjects:
Online Access:Acceso restringido

MARC

LEADER 00000nam a22000007a 4500
005 20120614181012.0
007 cr|||| ||||
008 120614s2011 co |||||s|||| 00||0 spa d
020 |a 978-958-762-040-5978 
035 |a 6290 
040 |a vLex 
090 |c 3183  |d 3183 
100 1 |a Villamizar Alvargonzl̀ez, Rodrigo 
245 1 0 |a Transmutacin̤ competitiva   |h [Recurso electrn̤ico] :  |b Cm̤o determinar y mejorar su competitividad /  |c Rodrigo Villamizar Alvargonzl̀ez  
256 |a Servicio en ln̕ea 
260 |a Bogot ̀:  |b Ediciones de la U,  |c 2011 
300 |a 1 recurso electrn̤ico 
506 1 |a Contenido solo disponible en los productos indicados  |d vLex Global   |d vLex Global (Academic Edition, excluding Law Schools)   |d vLex Global (U.S. Academic Edition, Law Schools)   |d vLex Global (U.S. Academic Edition, excluding Law Schools)   |d vLex Global (Academic Edition, Law Schools)  
650 0 4 |a Competencia econm̤ica  |z Colombia 
740 0 |a vLex Libros (Servicio en ln̕ea) 
856 4 0 |u http://vlex.com/source/6290  |z Acceso restringido 
942 |c BOOK 
999 0 |a Competition